Of women 'inside' : (Record no. 66850)

MARC details
000 -LEADER
fixed length control field 01182nam a22002417a 4500
005 - DATE AND TIME OF LATEST TRANSACTION
control field 20120411115531.0
010 ## - LCCN (DPL NO)
LC control number ENG-105333 B-489839
020 ## - INTERNATIONAL STANDARD BOOK NUMBER
International Standard Book Number 9780415535076
Terms of availability 895.00
035 ## - SYSTEM CONTROL NUMBER
System control number EN-88866 B-489839
037 ## - SOURCE OF ACQUISITION
Source of stock number/acquisition DBAD/PUB
037 ## - SOURCE OF ACQUISITION
Source of stock number/acquisition K.K.Pub/Ven
082 ## - DEWEY DECIMAL CLASSIFICATION NUMBER
Classification number 364.3740954
100 ## - MAIN ENTRY--PERSONAL NAME
Personal name Rani Dhavan Shankardass
245 ## - TITLE STATEMENT
Title Of women 'inside' :
Statement of responsibility, etc by Rani Dhavan Shankardass
Remainder of title prison voices from India /
260 ## - PUBLICATION, DISTRIBUTION, ETC. (IMPRINT)
Place of publication, distribution, etc New Delhi
Name of publisher, distributor, etc Routledge
Date of publication, distribution, etc 2012
270 ## - ADDRESS
Address 912 Tolstoy House,15-17 Tolstoy Marg,Cannaught Place,
City New Delhi
Postal code 110001
300 ## - PHYSICAL DESCRIPTION
Extent xiii,307p.
Dimensions 22cm (Hb)
Other physical details ill
500 ## - GENERAL NOTE
General note Includes bibliographical references and index
942 ## - ADDED ENTRY ELEMENTS (KOHA)
Source of classification or shelving scheme Dewey Decimal Classification
Item type English Books
Call number suffix RAN
Classification part 364.3740954
Holdings
Withdrawn status Lost status Not for loan Collection code Home library Current library Date acquired Source of acquisition Cost, normal purchase price Full call number Barcode Copy number Cost, replacement price Koha item type
    Not For Loan Non-fiction D.B.Act.Division D.B.Act.Division 18/05/2012 DBAD / PUB 895.00 364.3740954 RAN EN-88866 1 895.00 English Books
      Non-fiction Patel Nagar Patel Nagar 18/02/2013 K.K.Pub/BL2760/24.12.2012/120/18.12.2012/08.01.2013 895.00 364.3740954 RAN B-489839 1 895.00 English Books

© Delhi Public Library
Hit Counter
free hit counter